000 00501nam a22001817a 4500
003 KOHA_MİRAKIL
005 20251221142333.0
008 251221b tu ||||| |||| 00| 0 tur d
020 _a9786257142021
040 _aTR-AnABB
_btur
_cTR-AnABB
041 _atur
082 _a956.70442373
_bIRA 2020
245 1 0 _aIrak Savaşı'nda ABD ordusu /
260 _aAnkara :
_bJandarma ve Sahil Güvenlik Akademisi,
_c2020
300 _a119 sayfa ;
_c23 cm
650 0 4 _aIrak tarihi
942 _2ddc
_cBK
999 _c9846
_d9846
900 _bGizem YORULMAZ